Visualizzazione normale
Vista MARC
- Dutkiewicz M.
di Personal Name
Records bibliografici associati: 1
001 - CONTROL NUMBER
- control field: 24964
003 - CONTROL NUMBER IDENTIFIER
- control field: IT-RoPau
005 - DATE AND TIME OF LATEST TRANSACTION
- control field: 20140514153419.0
008 - FIXED-LENGTH DATA ELEMENTS
- fixed length control field: 140514|| aca||aabn | a|a d
040 ## - CATALOGING SOURCE
- Original cataloging agency: IT-RoPau
- Transcribing agency: IT-RoPau
100 ## - HEADING--PERSONAL NAME
- Personal name: Dutkiewicz M.
- Miscellaneous information: Codice autore testo/musica SPICS: 25181
- Relator term: Autore testo/musica
- Name of part/section of a work: Tani Dreszcz, Tanie Lzy
670 ## - SOURCE DATA FOUND
- Source citation: Work cat.: (IT-RoPau)101512: Jezowska Majka 24957, Wibracje (Lp Sx 2555)